<?xml version="1.0" encoding="UTF-8"?>
<record
    xmlns:xsi="http://www.w3.org/2001/XMLSchema-instance"
    xsi:schemaLocation="http://www.loc.gov/MARC21/slim http://www.loc.gov/standards/marcxml/schema/MARC21slim.xsd"
    xmlns="http://www.loc.gov/MARC21/slim">

  <leader>03277cam a2200265 i 4500</leader>
  <controlfield tag="001">114184</controlfield>
  <controlfield tag="003">DR-UNIBE</controlfield>
  <controlfield tag="005">20251029121017.0</controlfield>
  <controlfield tag="008">190325s2023    sp       b    000 0 spa  </controlfield>
  <datafield tag="020" ind1=" " ind2=" ">
    <subfield code="a">9788411259873</subfield>
  </datafield>
  <datafield tag="040" ind1=" " ind2=" ">
    <subfield code="a">DLC</subfield>
    <subfield code="b">eng</subfield>
    <subfield code="e">rda</subfield>
    <subfield code="c">DLC</subfield>
    <subfield code="d">BIBLIOTECA UNIBE</subfield>
  </datafield>
  <datafield tag="041" ind1=" " ind2=" ">
    <subfield code="a">spa</subfield>
  </datafield>
  <datafield tag="042" ind1=" " ind2=" ">
    <subfield code="a">pcc</subfield>
  </datafield>
  <datafield tag="082" ind1=" " ind2=" ">
    <subfield code="a">341 S127d 2023</subfield>
  </datafield>
  <datafield tag="100" ind1=" " ind2=" ">
    <subfield code="a">Saenz de Santa Mar&#xED;a, M. Paz Andr&#xE9;s</subfield>
    <subfield code="9">111307</subfield>
  </datafield>
  <datafield tag="245" ind1="1" ind2="0">
    <subfield code="a">Derecho internacional p&#xFA;blico :</subfield>
    <subfield code="b">textos y materiales /</subfield>
    <subfield code="c">Paz Andr&#xE9;s S&#xE1;enz de Santa Mar&#xED;a, Javier A. Gonz&#xE1;lez Vega</subfield>
  </datafield>
  <datafield tag="250" ind1=" " ind2=" ">
    <subfield code="a">Quinta edici&#xF3;n</subfield>
  </datafield>
  <datafield tag="260" ind1=" " ind2=" ">
    <subfield code="a">Cizur Menor, Navarra :</subfield>
    <subfield code="b">Civitas,</subfield>
    <subfield code="c">2023</subfield>
  </datafield>
  <datafield tag="300" ind1=" " ind2=" ">
    <subfield code="a">1067 p&#xE1;ginas</subfield>
  </datafield>
  <datafield tag="505" ind1=" " ind2=" ">
    <subfield code="a">CAP&#xCD;TULO I. EL ORDENAMIENTO JUR&#xCD;DICO INTERNACIONAL |
CAP&#xCD;TULO II. LOS SUJETOS DEL ORDENAMIENTO INTERNACIONAL |
CAP&#xCD;TULO III. LA FORMACI&#xD3;N DE LAS NORMAS Y LA CREACI&#xD3;N DE LOS DERECHOS Y OBLIGACIONES INTERNACIONALES. LA INTEGRACI&#xD3;N DE LAS NORMAS INTERNACIONALES EN EL ORDENAMIENTO INTERNO |
CAP&#xCD;TULO IV. LA APLICACI&#xD3;N DE LAS NORMAS INTERNACIONALES |
CAP&#xCD;TULO V. EL R&#xC9;GIMEN JUR&#xCD;DICO-INTERNACIONAL DE LOS ESPACIOS: EL TERRITORIO Y LOS ESPACIOS MARINOS |
CAP&#xCD;TULO VI. LA PROTECCI&#xD3;N DE LOS INTERESES FUNDAMENTALES DE LA COMUNIDAD INTERNACIONAL |
CAP&#xCD;TULO VII. EL ARREGLO PAC&#xCD;FICO DE CONTROVERSIAS INTERNACIONALES |
CAP&#xCD;TULO VIII. EL USO DE LA FUERZA EN LA COMUNIDAD INTERNACIONAL Y EL MANTENIMIENTO DE LA PAZ Y LA SEGURIDAD INTERNACIONALES |
</subfield>
  </datafield>
  <datafield tag="520" ind1=" " ind2="3">
    <subfield code="a">La importancia que en el Derecho internacional p&#xFA;blico ha tenido siempre el an&#xE1;lisis de la pr&#xE1;ctica se ha visto potenciada tras la adaptaci&#xF3;n al Espacio Europeo de Educaci&#xF3;n Superior, como consecuencia del valor que se atribuye a las clases pr&#xE1;cticas y a la realizaci&#xF3;n de otras actividades acad&#xE9;micas dirigidas. Concebida como un instrumento para la ense&#xF1;anza de este ordenamiento en las Universidades espa&#xF1;olas y tambi&#xE9;n como una herramienta &#xFA;til para los pr&#xE1;cticos del Derecho, esta obra pretende ofrecer una visi&#xF3;n del Derecho internacional p&#xFA;blico ajustada a su realidad presente, teniendo en cuenta los desarrollos m&#xE1;s recientes producidos en el &#xE1;mbito internacional, desde la pandemia del COVID-19 hasta la persistente agresi&#xF3;n rusa a Ucrania. Con esta finalidad, proporciona una amplia selecci&#xF3;n de textos de la jurisprudencia internacional e interna, los actos de las organizaciones internacionales, los trabajos de codificaci&#xF3;n, los tratados internacionales y la legislaci&#xF3;n estatal, prestando especial atenci&#xF3;n a la pr&#xE1;ctica espa&#xF1;ola. Se articula en torno a las diferentes partes que configuran los programas docentes de la asignatura en el grado en Derecho y en otros grados relacionados con las ciencias jur&#xED;dico-sociales. Cada cap&#xED;tulo est&#xE1; estructurado sobre la base de un hilo conductor que busca fomentar la reflexi&#xF3;n en torno a las cuestiones abordadas con el objeto de alcanzar conclusiones sobre el estado actual del Derecho internacional en los principales sectores de este ordenamiento; para ello, junto a los textos, en los cap&#xED;tulos se proporcionan tambi&#xE9;n una introducci&#xF3;n que sintetiza los conceptos esenciales y unas referencias bibliogr&#xE1;ficas.</subfield>
  </datafield>
  <datafield tag="650" ind1=" " ind2="7">
    <subfield code="a">Derecho internacional p&#xFA;blico</subfield>
    <subfield code="9">44657</subfield>
    <subfield code="2">lemb</subfield>
  </datafield>
  <datafield tag="650" ind1=" " ind2="7">
    <subfield code="a">Relaciones internacionales </subfield>
    <subfield code="2">lemb</subfield>
  </datafield>
  <datafield tag="942" ind1=" " ind2=" ">
    <subfield code="2">ddc</subfield>
    <subfield code="c">BK</subfield>
  </datafield>
  <datafield tag="999" ind1=" " ind2=" ">
    <subfield code="c">114184</subfield>
    <subfield code="d">114184</subfield>
  </datafield>
  <datafield tag="952" ind1=" " ind2=" ">
    <subfield code="0">0</subfield>
    <subfield code="1">0</subfield>
    <subfield code="2">ddc</subfield>
    <subfield code="7">0</subfield>
    <subfield code="8">GEN</subfield>
    <subfield code="a">Principal</subfield>
    <subfield code="c">NEW</subfield>
    <subfield code="d">2025-10-29</subfield>
    <subfield code="l">0</subfield>
    <subfield code="o">341 S127d 2023</subfield>
    <subfield code="p">251131</subfield>
    <subfield code="r">2025-10-29 12:10:55</subfield>
    <subfield code="t">Ej. 1</subfield>
    <subfield code="w">2025-10-29</subfield>
    <subfield code="y">BK</subfield>
  </datafield>
</record>
